[Event "TUR Cup"]
[Site "Antalya"]
[Date "2019.02.01"]
[Round "9"]
[White "Karakurt, Fahri"]
[Black "Erdal, Emre"]
[Result "0-1"]
[WhiteElo "1914"]
[BlackElo "1615"]
[PlyCount "68"]
[EventDate "2019.01.27"]
[EventType "swiss"]
[EventRounds "11"]
[EventCountry "TUR"]
[SourceTitle "CBM 188 Extra"]
[Source "ChessBase"]
[SourceDate "2019.02.26"]
[SourceVersion "1"]
[SourceVersionDate "2019.02.26"]
[SourceQuality "1"]

1. d4 d5 2. c4 e6 3. Nc3 Nf6 4. cxd5 exd5 5. Bg5 c6 6. e3 Be6 7. Qb3 Qc7 8. Bxf6 gxf6 9. Rc1 Nd7 10. Nf3 0-0-0 11. Bd3 Kb8 12. Nh4 Rg8 13. g3 h5 14. f4 c5 15. Qc2 cxd4 16. exd4 Bh3 17. Kf2 Nb6 18. b3 a6 19. a4 Ba3 20. Ra1 Rc8 21. Rxa3 Qxc3 22. Qxc3 Rxc3 23. Ke2 Nc4 24. Bxc4 dxc4 25. Kd2 Rxb3 26. Rxb3 cxb3 27. f5 Rd8 28. Kd3 b5 29. axb5 a5 30. Ra1 Rc8 31. b6 Kb7 32. Rxa5 b2 33. Ra7+ Kxb6 34. Ra8 b1Q+ 0-1

[Event "TUR Cup"]
[Site "Antalya"]
[Date "2019.01.28"]
[Round "3"]
[White "Gulbeyaz, Emir"]
[Black "Karakurt, Fahri"]
[Result "1-0"]
[WhiteElo "2179"]
[BlackElo "1914"]
[PlyCount "83"]
[EventDate "2019.01.27"]
[EventType "swiss"]
[EventRounds "11"]
[EventCountry "TUR"]
[SourceTitle "CBM 188 Extra"]
[Source "ChessBase"]
[SourceDate "2019.02.26"]
[SourceVersion "1"]
[SourceVersionDate "2019.02.26"]
[SourceQuality "1"]

1. Nf3 d5 2. d4 Nf6 3. Bf4 c5 4. e3 Nc6 5. c3 cxd4 6. exd4 Bf5 7. Qb3 Na5 8. Qa4+ Bd7 9. Qc2 e6 10. Bd3 Be7 11. Nbd2 Rc8 12. Ne5 Nc6 13. Qd1 0-0 14. Qf3 Nxe5 15. dxe5 Ne8 16. Qh3 g6 17. Nf3 f6 18. Qg3 Ng7 19. Bh6 Nh5 20. Qh3 Rf7 21. g4 Ng7 22. Qg3 Bc5 23. 0-0 f5 24. Ng5 Rf8 25. Rad1 Be7 26. h4 f4 27. Qh3 Qc7 28. Nf3 Qd8 29. Bb1 Bb5 30. Rfe1 Bd7 31. Kh2 Bc5 32. Rd2 Qb6 33. Kg1 Rf7 34. Ng5 Rcf8 35. h5 gxh5 36. Qd3 Nf5 37. Bxf8 Rxf8 38. gxf5 Rxf5 39. Nh3 f3 40. b4 Qd8 41. bxc5 Qh4 42. Kh2 1-0

[Event "TUR Cup										"]
[Site "Antalya"]
[Date "2018.02.01"]
[Round "8"]
[White "Karakurt, Fahri"]
[Black "Aladag, Yigit Dogan"]
[Result "1-0"]
[WhiteElo "1889"]
[BlackElo "1811"]
[PlyCount "73"]
[EventDate "2018.01.27"]
[EventType "swiss"]
[EventRounds "11"]
[EventCountry "TUR"]
[SourceTitle "CBM 182 Extra"]
[Source "ChessBase"]
[SourceDate "2018.02.23"]
[SourceVersion "1"]
[SourceVersionDate "2018.02.23"]
[SourceQuality "1"]

1. d4 Nf6 2. c4 c5 3. d5 e6 4. Nc3 exd5 5. cxd5 d6 6. Nf3 g6 7. g3 Bg7 8. Bg2 0-0 9. 0-0 a6 10. a4 Nbd7 11. Bf4 Qc7 12. e4 Nh5 13. Be3 f5 14. exf5 gxf5 15. Ng5 Ndf6 16. Ne6 Bxe6 17. dxe6 f4 18. Bd2 Bh6 19. Nd5 Qg7 20. Bc3 Rae8 21. Bf3 Qg5 22. Bxf6 Nxf6 23. e7 Rf7 24. Re1 fxg3 25. hxg3 Qf5 26. Nxf6+ Rxf6 27. Qd5+ Kg7 28. Qxf5 Rxf5 29. Bxb7 Rf7 30. Bxa6 Rfxe7 31. Rxe7+ Rxe7 32. Rd1 Rd7 33. Bb5 Rd8 34. a5 Rb8 35. Bc4 Rxb2 36. a6 Rb4 37. Ra1 1-0

[Event "TUR Cup										"]
[Site "Antalya"]
[Date "2018.01.28"]
[Round "3"]
[White "Karakurt, Fahri"]
[Black "Aslan, Dogukan"]
[Result "1/2-1/2"]
[WhiteElo "1889"]
[BlackElo "1630"]
[PlyCount "96"]
[EventDate "2018.01.27"]
[EventType "swiss"]
[EventRounds "11"]
[EventCountry "TUR"]
[SourceTitle "CBM 182 Extra"]
[Source "ChessBase"]
[SourceDate "2018.02.23"]
[SourceVersion "1"]
[SourceVersionDate "2018.02.23"]
[SourceQuality "1"]

1. e4 c5 2. Nc3 Nc6 3. f4 g6 4. Nf3 Bg7 5. Bc4 e6 6. 0-0 Nge7 7. Qe1 0-0 8. d3 d5 9. Bb3 Nd4 10. Nxd4 cxd4 11. Ne2 a5 12. a4 dxe4 13. dxe4 d3 14. Nc3 Nc6 15. Nb5 Nb4 16. c3 Na6 17. Be3 Qe7 18. Qf2 Bd7 19. Bc4 d2 20. Qxd2 Bc6 21. Qd6 Qh4 22. Qd3 Qh5 23. e5 Rfd8 24. Qe2 Qxe2 25. Bxe2 Bf8 26. Nd4 Be8 27. Nb3 Rdc8 28. Nxa5 Nc5 29. Nc4 Rxa4 30. Nb6 Rxa1 31. Rxa1 Rd8 32. Ra8 Rxa8 33. Nxa8 Na4 34. Nc7 Bc6 35. Bc1 Bc5+ 36. Kf1 Kf8 37. Nb5 Ke7 38. Nd4 Bxd4 39. cxd4 Nb6 40. b4 Bd5 41. Kf2 Bc4 42. Bxc4 Nxc4 43. b5 Kd7 44. Ke2 Kc7 45. Kd3 Nb6 46. Ba3 Nd5 47. Bc1 Kb6 48. Kc4 Nc7 1/2-1/2

[Event "TUR Cup"]
[Site "Antalya"]
[Date "2017.01.31"]
[Round "5"]
[White "Karakurt, Fahri"]
[Black "Gunduz, Umut Erdem"]
[Result "0-1"]
[WhiteElo "1856"]
[BlackElo "1975"]
[PlyCount "104"]
[EventDate "2017.01.28"]
[EventType "swiss"]
[EventRounds "11"]
[EventCountry "TUR"]
[SourceTitle "CBM 176 Extra"]
[Source "ChessBase"]
[SourceDate "2017.03.02"]
[SourceVersion "1"]
[SourceVersionDate "2017.03.02"]
[SourceQuality "1"]

1. d4 Nf6 2. c4 c5 3. d5 e6 4. Nc3 exd5 5. cxd5 d6 6. Nf3 g6 7. Bf4 a6 8. a4 Bg7 9. h3 0-0 10. e3 Re8 11. Nd2 Nh5 12. Bh2 f5 13. Be2 f4 14. e4 Qg5 15. Bxh5 gxh5 16. Qf3 Be5 17. 0-0 Nd7 18. Nc4 Rf8 19. Kh1 Rf6 20. Ne2 Rb8 21. a5 Nf8 22. Nxe5 dxe5 23. Qc3 Ng6 24. f3 Nh4 25. Rf2 Bd7 26. Qxc5 Rc8 27. Qe7 Bb5 28. Nc3 Re8 29. Qxb7 Rf7 30. Qb6 Rf6 31. Qc5 Bd7 32. Rd1 Rg6 33. Rdd2 Kh8 34. d6 Reg8 35. Nd5 Rc8 36. Nc7 Rcg8 37. Nxa6 Qf6 38. Nc7 Qg7 39. Qd5 Bxh3 40. Qxg8+ Qxg8 41. gxh3 Qd8 42. d7 Rc6 43. Nb5 Rc5 44. Na7 Rc7 45. Nb5 Rxd7 46. Rxd7 Qxd7 47. Nc3 Qc7 48. a6 Qb6 49. Bg1 Qxa6 50. b4 Qd3 51. Nd5 Nxf3 52. Rg2 Nh4 0-1